Životopis súdruha Karla Hoffmanna

Bibliographic Details
Format: Article
Language:Slovak
Subjects:

MARC

LEADER 00000nab a2200000 a 4500
001 vtls000184966
003 SK-MaSNL
005 20260302201934.0
008 160201c1984 xo 0 slo
015 |a SNBRB19rr/mm-uuuuu 
035 |a CL0195079 
040 |a SNKBUCL  |b slo  |c SNKBUCL  |e AACR2 
041 0 |a slo 
044 |a xo  |c SK 
080 |a 331.88(437)  |2 1981 
080 |a 329.15(437)  |2 1981 
080 |a 929 Hoffmann, Karel  |2 1981 
245 0 0 |a Životopis súdruha Karla Hoffmanna 
600 1 7 |a Hoffmann, Karel,  |d 1924-2013  |2 snkbucl  |9 161190 
655 7 |a články z novín a časopisov  |2 snkbucl  |9 267496 
773 0 |t Práca  |g Roč. 39, č. 140 (15. 6. 1984), s. 1-2 
850 |a Slovenská národná knižnica v Martine  |a MTA001 
852 |a SNK  |b KIS3GCP 
958 |a RK 
958 |a CZ 
992 |a RBX 
999 |c 1462829  |d 1464759